000 00710nam a22002417a 4500
003 OSt
005 20220107122743.0
008 140509b xxu||||| |||| 00| 0 eng d
020 _a9780071761123
040 _cIIITM-K
082 _a526.982 WOL/E;4
100 _aWolf, Paul R
_94747
245 _aElements of photogrammetry with applications in GIS
_cby Paul R Wolf; Bon A Dewitt; Benjamin E Wilkinson
250 _a4th ed.
260 _aNew York,
_bMc Graw-Hill,
_c2014.
300 _axi, 676p.
650 _aGEOGRAPHIC INFORMATION SYSTEMS
_94748
650 _aGIS
_94749
650 _aPHOTOGRAMMETRY
_94750
700 _aDewitt, Bon A
_94751
700 _aWilkinson, Benjamin E
_94752
942 _2ddc
_cBK
999 _c4035
_d4035